000 00426nam a22001577a 4500
003 OSt
005 20211026090057.0
008 211026b ||||| |||| 00| 0 eng d
020 _a
040 _cGOYAL
050 _a8H0
_b1
245 _aCBSE Sample Paper and Model Test Paper in "Hindi-A" , Class-10 , Term-1
260 _aNew Delhi
_bGoyal Brothers Prakashan
_cSeptember-2021
300 _a1
942 _2ddc
_cBK
999 _c11849
_d11849